Harry Potter Character Sudden Death Extreme - Statistics

General Stats
  • This quiz has been taken 224 times
  • The average score is 8 of 15
Answers on the Grid
Answers color-coded by a green-red scale on the quiz's grid according to % correct below.
Mykew Gregorovitch
Frodo Baggins
Spider Man
Arabella Figg
Voldemort
Anthony Goldstein
Donald J. Trump
Robb Johnson
Andrew Kirke
Pamona Sprout
Harry Potter
The Half-Blood Prince
Owen Grady
Robby Taylor
Dennis Creevey
Nicola Tesla
JK Rowling
Perry the Platypus
Wilkie Twycross
Witherwings
Hokey
Piers Polkiss
Pierce Polkiss
Grawp
Jim Hawkins
Peter Weasley
Robert granger
Fabian Prewett
Lucas Fort
Oliver Would
 
Answer Stats
Answer % Correct
Harry Potter hero Harry Potter
94%
Harry Potter villain Voldemort
93%
Squib from Harry
Potter
Arabella Figg
69%
Severus Snape, in other
words, Harry Potter
Potions Professor
The Half-Blood Prince
69%
Harry Potter
character
Dennis Creevey
60%
Harry Potter Herbology
Proffessor
Pamona Sprout
58%
Wand maker Mykew Gregorovitch
53%
Hagrid's giant brother
from Harry Potter
Grawp
48%
Harry Potter
character
Anthony Goldstein
44%
Member of the Order of the
Phoenix from Harry Potter
Fabian Prewett
35%
Dudley's friend from
Harry Potter
Piers Polkiss
34%
Apparition teacher from
Harry Potter
Wilkie Twycross
32%
House elf from Harry
Potter
Hokey
28%
Harry Potter
Character
Andrew Kirke
26%
Buckbeak is a hippogriff
from Harry Potter
Witherwings
24%
No matching quizzes found
Score Distribution
Percent of People with Each Score
Percentile by Number Answered
Your Score History
You have not taken this quiz